| 000 | 01542nam a2200349 a 4500 | ||
|---|---|---|---|
| 001 | ebr10505624 | ||
| 003 | CaPaEBR | ||
| 006 | m u | ||
| 007 | cr cn||||||||| | ||
| 008 | 111129s2008 ne a sb 001 0 eng d | ||
| 020 | _z9062992188 | ||
| 020 | _z9789062992188 | ||
| 020 | _z9789062998494 (e-book) | ||
| 040 |
_aCaPaEBR _cCaPaEBR |
||
| 035 | _a(OCoLC)758685026 | ||
| 050 | 1 | 4 |
_aRE871 _b.G53 2008eb |
| 245 | 0 | 0 |
_aGlaucoma screening _h[electronic resource] : _bscreening for open angle glaucoma, primary angle-closure and primary angle-closure glaucoma : the 5th consensus report of the World Glaucoma Association / _cedited by Robert N. Weinreb, Paul R. Healey and Fotis Topouzis. |
| 260 |
_aAmsterdam, The Netherlands : _bKugler Publications, _c[2008] |
||
| 300 |
_ax, 150 p. : _bill. (some col.). |
||
| 490 | 1 |
_aConsensus series ; _v5 |
|
| 504 | _aIncludes bibliographical references and index. | ||
| 533 |
_aElectronic reproduction. _bPalo Alto, Calif. : _cebrary, _d2011. _nAvailable via World Wide Web. _nAccess may be limited to ebrary affiliated libraries. |
||
| 650 | 0 |
_aGlaucoma _xDiagnosis. |
|
| 655 | 7 |
_aElectronic books. _2local |
|
| 700 | 1 |
_aWeinreb, Robert N., _d1949- |
|
| 700 | 1 | _aHealey, Paul R. | |
| 700 | 1 | _aTopouzis, Fotis. | |
| 710 | 2 | _aWorld Glaucoma Association. | |
| 710 | 2 | _aebrary, Inc. | |
| 830 | 0 |
_aConsensus series (World Glaucoma Association) ; _v5. |
|
| 856 | 4 | 0 |
_uhttp://site.ebrary.com/lib/rucke/Doc?id=10505624 _zAn electronic book accessible through the World Wide Web; click to view |
| 999 |
_c220054 _d220054 |
||